[Event "Hoogovens 5'"]
[Site "Wijk aan Zee"]
[Date "1999.01.18"]
[Round "1"]
[White "Van Wely, Loek"]
[Black "Timman, Jan H"]
[Result "1-0"]
[WhiteElo "2636"]
[BlackElo "2649"]
[PlyCount "73"]
[EventDate "1999.01.18"]
[Source "ChessBase"]
[SourceDate "1999.03.01"]

1. Nf3 d5 2. d4 Nf6 3. c4 dxc4 4. e3 Bg4 5. Bxc4 e6 6. h3 Bh5 7. O-O Nbd7 8. Nc3 Bd6 9. Be2 O-O 10. e4 e5 11. Be3 exd4 12. Nxd4 Bxe2 13. Qxe2 Re8 14. f3 Nh5 15. Nf5 Be5 16. f4 Bxc3 17. bxc3 g6 18. Rad1 Nhf6 19. e5 Ne4 20. Nh6+ Kg7 21. Qc4 Kxh6 22. f5+ Kg7 23. fxg6 Nxe5 24. Rxf7+ Kxg6 25. Qxe4+ Kxf7 26. Rxd8 Raxd8 27. Qf5+ Kg8 28. Bd4 Ng6 29. Qf6 Rd7 30. h4 Rf7 31. Qg5 Kf8 32. h5 Re1+ 33. Kh2 Ne7 34. Qc5 Re6 35. Qxc7 Nf5 36. Qc5+ Kg8 37. Qc8+ 1-0

[Event "Turin"]
[Site "Turin"]
[Date "1982.??.??"]
[Round "9"]
[White "Spassky, Boris V"]
[Black "Andersson, Ulf"]
[Result "1/2-1/2"]
[WhiteElo "2625"]
[BlackElo "2605"]
[PlyCount "51"]
[EventDate "1982.06.??"]
[Source "ChessBase"]

1. d4 d5 2. c4 dxc4 3. Nf3 Nf6 4. e3 Bg4 5. h3 Bh5 6. Nc3 e6 7. Bxc4 Nbd7 8. O-O Bd6 9. Be2 O-O 10. b3 Qe7 11. Bb2 e5 12. Nxe5 Bxe2 13. Nxe2 Nxe5 14. dxe5 Bxe5 15. Bxe5 Qxe5 16. Qd4 Qxd4 17. Nxd4 Rfd8 18. Rac1 c6 19. Rfd1 Kf8 20. Kf1 g6 21. f3 Rd7 22. Nc2 Rad8 23. Rxd7 Rxd7 24. Ke1 Ke7 25. Rd1 Rxd1+ 26. Kxd1 1/2-1/2

[Event "Turin"]
[Site "Turin"]
[Date "1982.??.??"]
[Round "14"]
[White "Ljubojevic, Ljubomir"]
[Black "Andersson, Ulf"]
[Result "1/2-1/2"]
[WhiteElo "2600"]
[BlackElo "2605"]
[PlyCount "53"]
[EventDate "1982.06.??"]
[Source "ChessBase"]

1. d4 d5 2. c4 dxc4 3. Nf3 Nf6 4. e3 Bg4 5. Bxc4 e6 6. h3 Bh5 7. Nc3 Nbd7 8. O-O Bd6 9. Be2 O-O 10. e4 e5 11. dxe5 Nxe5 12. Nd4 Bg6 13. Bg5 Be7 14. Nf3 Nxf3+ 15. Bxf3 Nd7 16. Bxe7 Qxe7 17. Qd4 c6 18. Rad1 Rfd8 19. Qe3 f6 20. Be2 Bf7 21. Rd4 Nc5 22. Rfd1 Rxd4 23. Qxd4 Ne6 24. Qd7 Kf8 25. Bc4 Rd8 26. Qxe7+ Kxe7 27. Rxd8 1/2-1/2

[Event "Nice op 9th"]
[Site "Nice"]
[Date "2002.08.08"]
[Round "5"]
[White "Epishin, Vladimir"]
[Black "Sulava, Nenad"]
[Result "1/2-1/2"]
[WhiteElo "2643"]
[BlackElo "2556"]
[PlyCount "36"]
[EventDate "2002.08.05"]
[Source "ChessBase"]
[SourceDate "2002.09.11"]

1. d4 d5 2. c4 dxc4 3. Nf3 Nf6 4. e3 Bg4 5. Nbd2 Nbd7 6. Nxc4 e6 7. Be2 Bb4+ 8. Bd2 Bxd2+ 9. Qxd2 O-O 10. b4 Ne4 11. Qb2 Nd6 12. Na5 c5 13. dxc5 Nxc5 14. Rd1 Qb6 15. h3 Bh5 16. O-O Nce4 17. Rd4 Rac8 18. Ne5 Bxe2 1/2-1/2

[Event "Goodricke 13th op"]
[Site "Calcutta"]
[Date "2002.03.20"]
[Round "4"]
[White "Aleksandrov, Aleksej"]
[Black "Fominyh, Alexander"]
[Result "1-0"]
[WhiteElo "2645"]
[BlackElo "2536"]
[PlyCount "65"]
[EventDate "2002.03.17"]
[Source "ChessBase"]
[SourceDate "2002.03.21"]

1. d4 d5 2. c4 dxc4 3. Nf3 Nf6 4. e3 Bg4 5. Bxc4 e6 6. Nbd2 Nbd7 7. Qb3 Rb8 8. h3 Bh5 9. g4 Bg6 10. h4 b5 11. Be2 h5 12. g5 Ne4 13. a4 a6 14. axb5 axb5 15. Bd3 Nxd2 16. Bxd2 Bxd3 17. Qxd3 g6 18. Ke2 Bd6 19. Ba5 Qe7 20. Rhc1 e5 21. dxe5 Nxe5 22. Nxe5 Bxe5 23. Qe4 Bxb2 24. Qxe7+ Kxe7 25. Rxc7+ Ke6 26. Rb1 Ba3 27. Rc6+ Kd7 28. Rc7+ Ke6 29. Rc6+ Kd7 30. Rf6 Ke8 31. Bc3 Rf8 32. Ra6 Be7 33. Be5 1-0

[Event "Hastings 7273"]
[Site "Hastings"]
[Date "1972.??.??"]
[Round "9"]
[White "Tukmakov, Vladimir B"]
[Black "Smyslov, Vassily"]
[Result "1/2-1/2"]
[WhiteElo "2560"]
[BlackElo "2620"]
[PlyCount "30"]
[EventDate "1972.12.??"]
[Source "ChessBase"]

1. d4 d5 2. c4 dxc4 3. Nf3 Nf6 4. e3 Bg4 5. Bxc4 e6 6. O-O Nbd7 7. h3 Bh5 8. Nc3 Bd6 9. Be2 O-O 10. b3 c5 11. Bb2 cxd4 12. Nxd4 Bxe2 13. Qxe2 a6 14. Rfd1 Qe7 15. Rac1 Rac8 1/2-1/2

[Event "Helsinki"]
[Site "?"]
[Date "1992.??.??"]
[Round "?"]
[White "Ehlvest, J."]
[Black "Phominyh, A."]
[Result "1-0"]
[WhiteElo "2635"]
[BlackElo "2530"]
[PlyCount "79"]
[EventDate "1992.??.??"]
[Source "ChessBase"]
[SourceDate "1992.06.01"]

1. d4 d5 2. c4 dxc4 3. Nf3 Nf6 4. e3 Bg4 5. Bxc4 e6 6. Qb3 Bxf3 7. gxf3 Nbd7 8. Nc3 Nb6 9. Be2 g6 10. Ne4 Be7 11. Bd2 Qd5 12. Qc2 Rc8 13. O-O O-O 14. Rac1 Nbd7 15. b4 c6 16. Kh1 Qh5 17. Ng3 Qd5 18. a4 a6 19. Rg1 Rfd8 20. Ne4 Qh5 21. Be1 Nd5 22. Nc5 Rc7 23. f4 Qh6 24. Bd2 Qh4 25. Rg2 N7f6 26. Rcg1 Kh8 27. Bf3 Bf8 28. Nd3 Nd7 29. e4 N5f6 30. Ne5 Kg8 31. f5 Nxe5 32. dxe5 Rxd2 33. Qxd2 Nxe4 34. Bxe4 Qxe4 35. Qd8 Qxe5 36. f6 Qd6 37. Rd1 Qxd8 38. Rxd8 c5 39. Rg1 cxb4 40. Rgd1 1-0

[Event "Elista ol (Men)"]
[Site "Elista"]
[Date "1998.10.11"]
[Round "12"]
[White "Aleksandrov, Aleksej"]
[Black "Lalic, Bogdan"]
[Result "1/2-1/2"]
[WhiteElo "2595"]
[BlackElo "2560"]
[PlyCount "64"]
[EventDate "1998.09.29"]
[Source "ChessBase"]
[SourceDate "1998.11.06"]

1. d4 d5 2. c4 dxc4 3. Nf3 Nf6 4. e3 Bg4 5. Bxc4 e6 6. Qb3 Bxf3 7. gxf3 c5 8. Qxb7 Nbd7 9. Nc3 cxd4 10. exd4 Rb8 11. Qa6 Bb4 12. O-O O-O 13. Rd1 Qc7 14. Bd3 Rb6 15. Qa4 Bxc3 16. bxc3 e5 17. Be3 Rc6 18. d5 Rxc3 19. Qxa7 Qxa7 20. Bxa7 Nxd5 21. Bxh7+ Kxh7 22. Rxd5 Nf6 23. Rxe5 Ra8 24. Re3 Nd5 25. Rxc3 Nxc3 26. Be3 Nxa2 27. Bd2 Ra6 28. Rb1 Rd6 29. Be1 Rc6 30. Kf1 Nc1 31. Bd2 Nd3 32. f4 Rf6 1/2-1/2

[Event "It (Men) Frascati ITA"]
[Site "?"]
[Date "2006.03.28"]
[Round "4"]
[White "Berkes Ferenc"]
[Black "Romanishin Oleg M"]
[Result "1-0"]
[WhiteElo "2597"]
[BlackElo "2552"]
[PlyCount "63"]
[EventDate "2006.??.??"]
[Source "www.chesslib.no"]
[SourceDate "2004.05.04"]

1. Nf3 d5 2. d4 Nf6 3. c4 dxc4 4. e3 Bg4 5. Bxc4 e6 6. Nc3 Nbd7 7. O-O Bd6 8. h3 Bxf3 9. Qxf3 c6 10. e4 e5 11. d5 O-O 12. dxc6 bxc6 13. Rd1 Qc7 14. Bg5 Be7 15. Rac1 Nb6 16. Ba6 Qb8 17. Ne2 Qc7 18. Ng3 Rad8 19. Nf5 Rxd1+ 20. Qxd1 Bd8 21. Qd3 g6 22. Nd6 Nh5 23. Bh6 Ng7 24. Bb5 Be7 25. Rxc6 Qd8 26. a4 Bg5 27. Bxg7 Kxg7 28. a5 Nd7 29. Rc8 Qxa5 30. Bxd7 Rxc8 31. Bxc8 Qe1+ 32. Qf1 1-0

[Event "Andorra Open"]
[Site "Andorra"]
[Date "1995.??.??"]
[Round "8"]
[White "Antunes, Antonio"]
[Black "Miles, Anthony J"]
[Result "1-0"]
[WhiteElo "2525"]
[BlackElo "2615"]
[PlyCount "263"]
[EventDate "1995.06.??"]
[Source "www.chesslib.no"]
[SourceDate "2004.05.04"]

1. Nf3 d5 2. d4 Nf6 3. c4 dxc4 4. e3 Bg4 5. Bxc4 e6 6. Nc3 Nbd7 7. h3 Bh5 8. O-O Bd6 9. e4 e5 10. Be2 O-O 11. dxe5 Nxe5 12. Nd4 Bc5 13. Nb3 Qxd1 14. Bxd1 Bb6 15. a4 Bxd1 16. Rxd1 a5 17. Bg5 c6 18. Nd4 Rfd8 19. Nf5 Rd3 20. Kf1 Rad8 21. Bxf6 gxf6 22. Ke2 Bc5 23. f4 Rxd1 24. Rxd1 Rxd1 25. Nxd1 Nd7 26. b3 Bb4 27. Nd4 Nc5 28. Kf3 Nd3 29. Ne2 Bc5 30. g4 Ne1+ 31. Kg3 Nc2 32. Nb2 Na1 33. Nc1 Kf8 34. Nbd3 Ba3 35. Kf3 Ke7 36. Ke3 Nc2+ 37. Kd2 Nd4 38. Kc3 Ne6 39. Ne2 Bd6 40. Kc4 Kd7 41. h4 h6 42. Kc3 Bb8 43. Kc4 Bd6 44. h5 Kd8 45. Kc3 Kd7 46. Kd2 Bb8 47. Ke3 Ba7+ 48. Kf3 Bb8 49. Ke3 Ba7+ 50. Kf3 Bb8 51. Nb2 Bd6 52. Nc4 Bf8 53. Ke3 Bb4 54. Nb2 Be7 55. Kf3 Bd6 56. Nc4 Bf8 57. Ne3 Kd6 58. Nc2 Kc5 59. Ke3 Bd6 60. f5 Nf8 61. Nc1 Nd7 62. Nd3+ Kb6 63. Nce1 Kc7 64. Nf3 Kd8 65. Kd4 Ke7 66. Kc4 Bb8 67. Nc5 Nxc5 68. Kxc5 Ba7+ 69. Kc4 Kd6 70. g5 fxg5 71. Nxg5 Ke7 72. Nf3 Kf6 73. Kd3 Bc5 74. Ke2 Ba3 75. Ke3 Bb2 76. Kf4 Bc1+ 77. Kg4 Bb2 78. Ne1 Be5 79. Nd3 Bd6 80. Kh4 Bc7 81. Kg4 Bd6 82. Nb2 Bc7 83. Nc4 b6 84. Kh4 b5 85. axb5 cxb5 86. Na3 Ke5 87. Nxb5 Bb8 88. Nc3 Kd4 89. Nd5 Kxe4 90. Ne7 Bf4 91. Kg4 Bd2 92. Nc6 f6 93. Nb8 Bc3 94. Nd7 Bd4 95. Nb8 Kd5 96. Nd7 Kc6 97. Nf8 Kb5 98. Ne6 Ba7 99. Nd8 Bc5 100. Kf3 Be7 101. Nf7 Kb4 102. Nxh6 Kxb3 103. Ng4 a4 104. h6 Bf8 105. h7 Bg7 106. Nf2 a3 107. Nd3 Kc4 108. Nc1 Kd4 109. Kg4 Kc3 110. Kh5 Kc2 111. Na2 Kb3 112. Kg6 Bh8 113. Kf7 Kxa2 114. Kg8 Kb3 115. Kxh8 a2 116. Kg7 a1=Q 117. h8=Q Qe5 118. Qh3+ Kc4 119. Kg6 Kc5 120. Qa3+ Kc6 121. Qa6+ Kd7 122. Qxf6 Qg3+ 12 . Qg5 Qd3 124. Kg7 Ke8 125. Qg6+ Kd7 126. f6 Qc3 127. Qe4 Kd8 128. Qd5+ Kc8 129. Kf7 Qh3 130. Qe6+ Qxe6+ 131. Kxe6 Kd8 132. f7 1-0

[Event "Corr"]
[Site "?"]
[Date "1998.??.??"]
[Round "?"]
[White "Menetrier Manuel"]
[Black "Korolev Sergey Ivanovich"]
[Result "1-0"]
[WhiteElo "2505"]
[BlackElo "2630"]
[PlyCount "67"]
[EventDate "1998.??.??"]
[Source "www.chesslib.no"]
[SourceDate "2004.05.04"]

1. d4 d5 2. c4 dxc4 3. Nf3 Nf6 4. e3 Bg4 5. Bxc4 e6 6. h3 Bh5 7. Be2 Nc6 8. Qb3 Rb8 9. O-O g5 10. Qb5 Rg8 11. g4 Nxg4 12. hxg4 Bxg4 13. Rd1 a6 14. Qc4 Bh3 15. d5 exd5 16. Qxd5 Bd6 17. Qe4+ Kf8 18. Qxh7 Qf6 19. Nc3 Bf5 20. Nd5 Qe6 21. Qh5 Bg4 22. Nxc7 Bxc7 23. Nd4 Bxh5 24. Nxe6+ fxe6 25. Bxh5 Ke7 26. Bf3 g4 27. Bxc6 bxc6 28. b3 Be5 29. Ba3+ Kf6 30. Rac1 Rgd8 31. Rxd8 Rxd8 32. Bb4 Rb8 33. Bc3 Rb6 34. Kg2 1-0

[Event "It Open"]
[Site "?"]
[Date "2001.??.??"]
[Round "7"]
[White "Popov Valerij"]
[Black "Fominyh Alexander"]
[Result "1/2-1/2"]
[WhiteElo "2545"]
[BlackElo "2582"]
[PlyCount "33"]
[EventDate "2001.??.??"]
[Source "www.chesslib.no"]
[SourceDate "2004.05.04"]

1. Nf3 d5 2. d4 Nf6 3. c4 dxc4 4. e3 Bg4 5. Bxc4 e6 6. h3 Bh5 7. Nc3 Nbd7 8. O-O c6 9. e4 Be7 10. Be3 O-O 11. Re1 Qc7 12. Rc1 Rad8 13. Bd3 Qb8 14. e5 Ne8 15. g4 Bg6 16. Bxg6 fxg6 17. Ne4 1/2-1/2

[Event "Commonwealth Ch"]
[Site "Mumbai"]
[Date "2003.04.27"]
[Round "10"]
[White "Vladimirov, Evgeny"]
[Black "Fominyh, Alexander"]
[Result "1-0"]
[WhiteElo "2597"]
[BlackElo "2529"]
[PlyCount "53"]
[EventDate "2003.04.20"]
[Source "Roberto Alvarez"]
[SourceDate "2003.04.28"]

1. d4 d5 2. Nf3 Nf6 3. c4 dxc4 4. e3 Bg4 5. Bxc4 e6 6. Nc3 Nbd7 7. O-O c6 8. Be2 Be7 9. e4 O-O 10. Be3 Bb4 11. e5 Nd5 12. Nxd5 cxd5 13. Rc1 Nb8 14. Ng5 Bf5 15. Bd3 Be7 16. Bxf5 exf5 17. Qh5 Bxg5 18. Bxg5 Qb6 19. Be7 Re8 20. Qxf5 Nc6 21. Bc5 Qxb2 22. Rb1 Qxa2 23. Rxb7 Nd8 24. Rc7 Kh8 25. Qd7 Ne6 26. Rxa7 Nxc5 27. Qxe8+ 1-0

[Event "Clichy"]
[Site "Clichy"]
[Date "2001.06.28"]
[Round "4"]
[White "Hebden, Mark"]
[Black "Conquest, Stuart"]
[Result "1/2-1/2"]
[WhiteElo "2560"]
[BlackElo "2563"]
[PlyCount "149"]
[EventDate "2001.06.25"]
[Source "ChessBase"]
[SourceDate "2001.11.13"]

1. d4 Nf6 2. Nf3 d5 3. c4 dxc4 4. e3 Bg4 5. Nbd2 Nc6 6. Bxc4 e6 7. Qa4 Bd6 8. Bb5 O-O 9. Bxc6 bxc6 10. Qxc6 Nd5 11. O-O Rb8 12. e4 Nf4 13. e5 Be7 14. Qe4 g5 15. Nb3 Bf5 16. Qe3 Kh8 17. Nfd2 a5 18. Ne4 a4 19. Nbc5 Rb4 20. Rd1 Rc4 21. Qf3 Rxd4 22. Bxf4 gxf4 23. b4 Rg8 24. Nd6 Rxd1+ 25. Rxd1 cxd6 26. exd6 Bg4 27. Qxf4 Bxd1 28. dxe7 Qxe7 29. Qd4+ e5 30. Qxd1 a3 31. g3 Qd8 32. Qb3 Qe7 33. Qxa3 Rd8 34. Qf3 f6 35. Ne4 Rf8 36. a3 f5 37. Nc5 e4 38. Qc3+ Qf6 39. Qxf6+ Rxf6 40. b5 Kg7 41. a4 Rb6 42. Kf1 Kf7 43. Ke2 Ke7 44. Ke3 Kd6 45. Na6 Rb7 46. Kd4 h5 47. h4 Rb6 48. Nb4 Rb8 49. Nd5 Rd8 50. Ne3 Kc7+ 51. Ke5 Rd2 52. Nxf5 Rxf2 53. Kxe4 Ra2 54. Ng7 Rxa4+ 55. Kf5 Kd6 56. Nxh5 Ke7 57. Nf6 Kf7 58. Nd5 Ra5 59. Nc7 Ke7 60. Kg6 Ra4 61. Nd5+ Ke6 62. Nf4+ Ke5 63. Kg5 Ra5 64. h5 Rxb5 65. h6 Ke4+ 66. Kg4 Rb6 67. Kh5 Kf3 68. h7 Rb1 69. Kg6 Rb6+ 70. Kg5 Rb5+ 71. Kh6 Rb6+ 72. Ng6 Rb8 73. Kg7 Rb7+ 74. Kg8 Rxh7 75. Kxh7 1/2-1/2

[Event "Lugano"]
[Site "?"]
[Date "1987.??.??"]
[Round "?"]
[White "Nogueiras, J."]
[Black "Hort, V."]
[Result "1/2-1/2"]
[WhiteElo "2565"]
[BlackElo "2555"]
[PlyCount "65"]
[EventDate "1987.??.??"]
[Source "ChessBase"]
[SourceDate "1987.01.01"]

1. d4 d5 2. c4 dxc4 3. Nf3 Nf6 4. e3 Bg4 5. h3 Bh5 6. g4 Bg6 7. Ne5 e6 8. Bg2 Be4 9. f3 Bxb1 10. Rxb1 Nd5 11. Nxc4 Bb4+ 12. Ke2 Nd7 13. a3 Be7 14. Bd2 c5 15. dxc5 Bxc5 16. b4 Be7 17. Qb3 O-O 18. f4 N7b6 19. Rhc1 Rc8 20. Ne5 Qd6 21. Nd3 Rfd8 22. a4 g5 23. a5 Nd7 24. Rxc8 Rxc8 25. Rc1 Rxc1 26. Bxc1 Nxb4 27. Nxb4 Qxb4 28. Qxb4 Bxb4 29. Bxb7 gxf4 30. a6 fxe3 31. Bxe3 Bc5 32. Bc8 Bxe3 33. Bxd7 1/2-1/2

[Event "Dubai op"]
[Site "Dubai"]
[Date "2002.04.19"]
[Round "5"]
[White "Sorokin, Maxim"]
[Black "Sulskis, Sarunas"]
[Result "1-0"]
[WhiteElo "2531"]
[BlackElo "2577"]
[PlyCount "77"]
[EventDate "2002.04.15"]
[Source "ChessBase"]
[SourceDate "2002.05.03"]

1. Nf3 d5 2. d4 Nf6 3. c4 dxc4 4. e3 Bg4 5. Bxc4 e6 6. h3 Bh5 7. Nc3 Be7 8. g4 Bg6 9. Ne5 Nbd7 10. Nxg6 hxg6 11. g5 Nh5 12. h4 c6 13. Bd2 e5 14. d5 Nb6 15. Qe2 O-O 16. dxc6 Nxc4 17. cxb7 Nxe3 18. Bxe3 Rb8 19. Qb5 a6 20. Qc6 Qe8 21. Nd5 Bd8 22. Qxa6 Qd7 23. O-O-O Qxb7 24. Qxb7 Rxb7 25. b4 f6 26. Kc2 fxg5 27. hxg5 Kf7 28. a4 Ke6 29. b5 Ba5 30. Kb3 Rf3 31. Kc4 Nf4 32. Rh8 Nxd5 33. Rxd5 Be1 34. Re8+ Kf7 35. Rdd8 Rh3 36. Bc5 Rc3+ 37. Kd5 Rxc5+ 38. Kxc5 Bxf2+ 39. Kd5 1-0

[Event "Reykjavik op"]
[Site "Reykjavik"]
[Date "1996.??.??"]
[Round "8"]
[White "Gausel, Einar"]
[Black "Agdestein, Simen"]
[Result "0-1"]
[WhiteElo "2515"]
[BlackElo "2585"]
[PlyCount "124"]
[EventDate "1996.03.??"]
[Source "ChessBase"]

1. d4 d5 2. c4 dxc4 3. Nf3 Nf6 4. e3 Bg4 5. Bxc4 e6 6. Nc3 Nbd7 7. h3 Bh5 8. O-O Bd6 9. Be2 O-O 10. b3 a6 11. Bb2 Re8 12. Rc1 c6 13. Na4 Qe7 14. Ne5 Bg6 15. Nxg6 hxg6 16. Qc2 e5 17. dxe5 Bxe5 18. Bxe5 Qxe5 19. Rfd1 Re7 20. Nc5 Nxc5 21. Qxc5 Qxc5 22. Rxc5 Kf8 23. Bf3 Rd7 24. Rxd7 Nxd7 25. Rc2 Ke7 26. Kf1 a5 27. a3 Kd6 28. Rd2+ Kc7 29. Rd4 Re8 30. h4 Nc5 31. Bd1 Re4 32. Rxe4 Nxe4 33. Bc2 Nc3 34. g4 Kd6 35. Ke1 Kc5 36. Kd2 Nb5 37. a4 Nc7 38. Kc3 Nd5+ 39. Kb2 Kb4 40. g5 b5 41. axb5 cxb5 42. Be4 Nc3 43. Bc6 Nd1+ 44. Ka2 Nxf2 45. Be8 Nd3 46. Bxf7 Ne5 47. Be8 Kc5 48. Kb2 b4 49. Kc2 Kd5 50. h5 gxh5 51. Bxh5 Ke4 52. Kd2 g6 53. Bd1 Kf5 54. Ke2 Kxg5 55. Kf2 Kh4 56. Kg2 Nd3 57. Be2 Nc5 58. Bd1 Kg5 59. Kg3 Kf6 60. Kg4 Ke5 61. Bc2 Nxb3 62. Bxb3 Ke4 0-1

[Event "Rimavska Sobota"]
[Site "Rimavska Sobota"]
[Date "1991.??.??"]
[Round "5"]
[White "Lputian, Smbat G"]
[Black "Fominyh, Alexander"]
[Result "1/2-1/2"]
[WhiteElo "2565"]
[BlackElo "2535"]
[PlyCount "79"]
[EventDate "1991.05.??"]
[Source "ChessBase"]

1. d4 d5 2. c4 dxc4 3. Nf3 Nf6 4. e3 Bg4 5. h3 Bh5 6. g4 Bg6 7. Ne5 Nbd7 8. Nxc4 Nb6 9. Nc3 Nxc4 10. Bxc4 e6 11. f3 a6 12. e4 c5 13. Be3 cxd4 14. Qxd4 Qxd4 15. Bxd4 Rc8 16. Bb3 Bc5 17. Bxf6 gxf6 18. f4 f5 19. h4 h5 20. gxf5 exf5 21. e5 Bb4 22. Rh3 f6 23. e6 Bxc3+ 24. bxc3 Ke7 25. Rd1 Rcd8 26. Rg3 Rxd1+ 27. Bxd1 Be8 28. Rg7+ Kxe6 29. Rxb7 Bc6 30. Ra7 Bb5 31. Bb3+ Kd6 32. Rf7 Rh6 33. Kf2 Rg6 34. a4 Bc6 35. Ra7 Rg4 36. Ke3 Rg3+ 37. Kd2 Rg4 38. Ke3 Rg3+ 39. Kd2 Rg4 40. Ke3 1/2-1/2

[Event "Batumi"]
[Site "?"]
[Date "1999.??.??"]
[Round "?"]
[White "Huzman, A."]
[Black "Cvitan, O."]
[Result "1/2-1/2"]
[WhiteElo "2580"]
[BlackElo "2510"]
[PlyCount "44"]
[EventDate "1999.??.??"]
[Source "Chess Informant"]
[SourceDate "1999.10.01"]

1. d4 Nf6 2. Nf3 d5 3. c4 dxc4 4. e3 Bg4 5. Bxc4 e6 6. h3 Bh5 7. Nc3 Nbd7 8. Be2 Bb4 9. Qb3 c5 10. O-O O-O 11. Rd1 Bxc3 12. bxc3 Qc7 13. c4 Rac8 14. Ba3 Rfd8 15. Rac1 b6 16. Bb2 h6 17. d5 Re8 18. Bxf6 Nxf6 19. d6 Qb7 20. g4 Bg6 21. Ne5 Red8 22. Nxg6 fxg6 1/2-1/2

[Event "Extraliga 2004"]
[Site "Dzwirzyno"]
[Date "2004.??.??"]
[Round "?"]
[White "Kempinski, Robert"]
[Black "Antoniewski, Rafal"]
[Result "1/2-1/2"]
[WhiteElo "2586"]
[BlackElo "2500"]
[PlyCount "47"]
[EventDate "2004.09.04"]
[Source "Roberto Alvarez"]
[SourceDate "2004.10.05"]

1. Nf3 d5 2. d4 Nf6 3. c4 dxc4 4. e3 Bg4 5. Bxc4 e6 6. O-O Nbd7 7. Nc3 Bd6 8. h3 Bh5 9. b3 O-O 10. Bb2 c6 11. Be2 Qe7 12. e4 Bxf3 13. Bxf3 e5 14. d5 cxd5 15. exd5 e4 16. Re1 Nc5 17. Nb5 Nd3 18. Qxd3 exd3 19. Rxe7 Bxe7 20. d6 Bd8 21. Rd1 Rc8 22. Nd4 Rb8 23. Rxd3 Nd7 24. Rc3 1/2-1/2

[Event "Novi Sad"]
[Site "Novi Sad YUG"]
[Date "1976.??.??"]
[Round "?"]
[White "Gligoric, Svetozar"]
[Black "Matulovic, Milan"]
[Result "1-0"]
[WhiteElo "2575"]
[BlackElo "2505"]
[PlyCount "96"]
[EventDate "1976.??.??"]
[Source "www.chesslib.no"]
[SourceDate "2004.05.04"]

1. d4 d5 2. c4 dxc4 3. Nf3 Nf6 4. e3 Bg4 5. Bxc4 e6 6. h3 Bh5 7. Nc3 Nbd7 8. Be2 Bd6 9. e4 Bb4 10. e5 Nd5 11. Qb3 c5 12. O-O Bxc3 13. bxc3 Qb6 14. Bd2 cxd4 15. cxd4 Bxf3 16. Bxf3 Qxd4 17. Rad1 Qb6 18. Bxd5 exd5 19. Bb4 a5 20. Qxd5 Qc6 21. Bd6 Qxd5 22. Rxd5 Nb6 23. Rb5 Nc4 24. Rxb7 Nxd6 25. exd6 O-O 26. Rc1 Rfd8 27. Rcc7 Rxd6 28. Rxf7 Rg6 29. a4 h6 30. Rf5 Rga6 31. h4 R6a7 32. Rxa7 Rxa7 33. h5 Kh7 34. Kh2 g6 35. hxg6+ Kxg6 36. g4 Ra6 37. Kg3 Ra7 38. Rb5 Ra6 39. f4 Ra7 40. Kh4 Ra6 41. f5+ Kg7 42. Kh5 Ra7 43. Rb6 Rc7 44. Rg6+ Kf7 45. Rxh6 Rc4 46. Ra6 Rxa4 47. g5 Ra1 48. Ra7+ Ke8 1-0

[Event "SLO-chT"]
[Site "Bled"]
[Date "2000.10.15"]
[Round "2"]
[White "Kozul, Zdenko"]
[Black "Golubovic, Boris"]
[Result "1-0"]
[WhiteElo "2611"]
[BlackElo "2466"]
[PlyCount "55"]
[EventDate "2000.10.14"]
[Source "www.chesslib.no"]
[SourceDate "2004.05.04"]

1. d4 d5 2. c4 dxc4 3. Nf3 Nf6 4. e3 Bg4 5. Bxc4 e6 6. h3 Bh5 7. Nc3 Nbd7 8. g4 Bg6 9. Nh4 Nb6 10. Nxg6 hxg6 11. Bb3 c5 12. Qf3 cxd4 13. exd4 Be7 14. g5 Nfd5 15. h4 Rc8 16. Kf1 a6 17. Kg2 Qd6 18. Nxd5 Nxd5 19. Bd2 Rd8 20. Rae1 Qb6 21. Re4 Bb4 22. Bc1 Ne7 23. Rf4 Nf5 24. d5 e5 25. Re4 Bd6 26. h5 Nd4 27. Ba4+ Kf8 28. Rxd4 1-0

[Event "4th OIBM, Bad Wiessee GER"]
[Site "?"]
[Date "2000.??.??"]
[Round "7"]
[White "Agdestein, S."]
[Black "Ekstroem, R."]
[Result "0-1"]
[WhiteElo "2590"]
[BlackElo "2485"]
[PlyCount "78"]
[EventDate "2000.??.??"]
[Source "www.chesslib.no"]
[SourceDate "2004.05.04"]

1. d4 d5 2. c4 dxc4 3. Nf3 Nf6 4. e3 Bg4 5. h3 Bh5 6. Nc3 e6 7. g4 Bg6 8. Ne5 Nbd7 9. Nxg6 hxg6 10. Bxc4 c6 11. Bb3 Bb4 12. Qf3 a5 13. Kf1 Qe7 14. a3 Bd6 15. Bd2 e5 16. h4 Nb6 17. Re1 Bc7 18. Re2 O-O-O 19. g5 Nfd5 20. dxe5 a4 21. Nxa4 Nxa4 22. Bxa4 Qxe5 23. Be1 Kb8 24. Bb3 f6 25. Bxd5 Rxd5 26. gxf6 gxf6 27. e4 Rd1 28. Kg2 Qe6 29. Rh3 Re8 30. Bc3 f5 31. Re3 Qd7 32. exf5 Rxe3 33. Qxe3 Qxf5 34. Qe8+ Ka7 35. Qe3+ b6 36. Qf3 Qb1 37. Rg3 Kb7 38. Rg4 Rg1+ 39. Kh3 Rh1+ 0-1

[Event "It (open)"]
[Site "?"]
[Date "2005.01.25"]
[Round "4"]
[White "Epishin Vladimir"]
[Black "Raetsky Alexander"]
[Result "1-0"]
[WhiteElo "2614"]
[BlackElo "2459"]
[PlyCount "62"]
[EventDate "2005.??.??"]
[Source "www.chesslib.no"]
[SourceDate "2004.05.04"]

1. d4 d5 2. Nf3 Nf6 3. c4 dxc4 4. e3 Bg4 5. Bxc4 e6 6. h3 Bh5 7. g4 Bg6 8. Ne5 Nbd7 9. Nxg6 hxg6 10. Nc3 c6 11. Bf1 e5 12. Bg2 exd4 13. exd4 Nb6 14. O-O Be7 15. Bf4 Nbd5 16. Be5 O-O 17. Qf3 Qb6 18. g5 Nd7 19. Bg3 Nxc3 20. bxc3 Qa5 21. h4 Nb6 22. Rfe1 Ba3 23. Re5 Qa4 24. Re4 Rfe8 25. Rae1 Rxe4 26. Rxe4 Qc2 27. Bf1 Rf8 28. c4 Bb4 29. a3 Bd6 30. d5 cxd5 31. cxd5 Rd8 1-0

[Event "XII GM"]
[Site "Lippstadt"]
[Date "2004.07.27"]
[Round "4"]
[White "Buhmann, Rainer"]
[Black "Romanishin, Oleg M"]
[Result "1-0"]
[WhiteElo "2532"]
[BlackElo "2541"]
[PlyCount "135"]
[EventDate "2004.07.24"]
[Source "Roberto Alvarez"]
[SourceDate "2004.08.17"]

1. d4 d5 2. Nf3 Nf6 3. c4 dxc4 4. e3 Bg4 5. Bxc4 e6 6. Nbd2 a6 7. a3 c5 8. dxc5 Bxc5 9. b4 Be7 10. Bb2 Nc6 11. h3 Bh5 12. O-O O-O 13. Rc1 Nd7 14. Be2 Bf6 15. Qb3 Bxb2 16. Qxb2 Nf6 17. Rc5 Qe7 18. Rfc1 Rfd8 19. Nc4 Bxf3 20. Bxf3 Nd7 21. Rh5 f5 22. Bxc6 bxc6 23. Na5 Nb8 24. g3 Ra7 25. Rh4 Rad7 26. Nb3 Rd5 27. Rhc4 h6 28. Qc2 Qf6 29. Nd4 f4 30. gxf4 e5 31. Nf3 exf4 32. Rxf4 Qe6 33. Rg4 Rf8 34. Nd4 Qf6 35. Rg2 Rg5 36. f4 Rxg2+ 37. Qxg2 Re8 38. Rc5 Qg5 39. Rf5 Qh4 40. Nf3 Qd8 41. Ne5 Qb6 42. Qe4 Kh7 43. Kf2 Qd8 44. Qd3 Qh4+ 45. Kg2 Rd8 46. Qc2 Kg8 47. Nf3 Qe7 48. Re5 Qf7 49. Qe4 Nd7 50. Re7 Nf6 51. Rxf7 Nxe4 52. Re7 Nf6 53. Nd4 Nd5 54. Nxc6 Rd6 55. Re8+ Kf7 56. Rc8 Nxe3+ 57. Kf3 Nd5 58. Ne5+ Ke6 59. Nc4 Rd7 60. Rc6+ Ke7 61. Rxa6 Rc7 62. Ne5 Rc3+ 63. Ke4 Nf6+ 64. Kf5 Rxh3 65. Ra7+ Kf8 66. Ng6+ Ke8 67. Ke6 Rd3 68. Rxg7 1-0

[Event "Bern Open"]
[Site "Bern SUI"]
[Date "1993.??.??"]
[Round "4"]
[White "Eingorn, Vereslav S"]
[Black "Conquest, Stuart"]
[Result "1-0"]
[WhiteElo "2575"]
[BlackElo "2495"]
[PlyCount "75"]
[EventDate "1993.02.??"]
[Source "www.chesslib.no"]
[SourceDate "2004.05.04"]

1. d4 Nf6 2. Nf3 d5 3. c4 dxc4 4. e3 Bg4 5. Bxc4 e6 6. Nc3 Nbd7 7. h3 Bh5 8. O-O Bb4 9. Qb3 Qe7 10. Be2 O-O 11. Re1 Rab8 12. Bd2 c5 13. Rad1 b5 14. e4 Bxc3 15. Bxc3 Nxe4 16. d5 Nxc3 17. Qxc3 Rb6 18. dxe6 fxe6 19. Ne5 Nxe5 20. Qxe5 Bxe2 21. Rxe2 c4 22. Red2 b4 23. Rd7 Qf6 24. Qxf6 gxf6 25. R1d4 f5 26. Rxa7 Rf7 27. Ra8+ Kg7 28. Rxc4 Rd7 29. b3 e5 30. Ra5 Kf6 31. Rcc5 Rd1+ 32. Kh2 Rd2 33. f4 Kg7 34. Rc7+ Kh6 35. Raa7 exf4 36. Rxh7+ Kg6 37. Rag7+ Kf6 38. Rd7 1-0